Loading...
| History - World | 2 | 4 | 0 | 1 | 70 | 52 | 87.50 | 2 | 6 | 17.34 | 30.77 |
| History - European | 0 | 3 | 0 | 1 | 30 | 75 | 103.00 | 1 | 3 | 8.78 | 16.67 |
| History - Other | 1 | 1 | 0 | 0 | 25 | 62 | 75.50 | 1 | 2 | 18.55 | 30.00 |
| Literature - Poetry | 0 | 2 | 1 | 0 | 15 | 113 | 115.00 | 1 | 2 | 6.13 | 16.67 |
| Fine Arts - Painting and Sculpture | 0 | 1 | 0 | 0 | 10 | 102 | 102.00 | 1 | 1 | 4.16 | 11.11 |
| Geography | 0 | 1 | 0 | 1 | 10 | 128 | 128.00 | 1 | 1 | 0.11 | 14.29 |
| History - American | 0 | 1 | 0 | 1 | 10 | 147 | 147.00 | 0 | 1 | 0.08 | 6.25 |
| Literature - Drama | 0 | 1 | 0 | 0 | 10 | 133 | 133.00 | 1 | 1 | 1.53 | 14.29 |
| Literature - Long Fiction | 0 | 0 | 1 | 0 | -5 | 0.00 | 0 | 0 | 0.00 | 0.00 | |
| Mythology | 0 | 0 | 1 | 0 | -5 | 0.00 | 0 | 0 | 0.00 | 0.00 |